Rob Roy / (Record no. 165038)

MARC details
000 -LEADER
campo de control de longitud fija 01146nam a22002655i 4500
001 - NÚMERO DE CONTROL
campo de control 165038
003 - IDENTIFICADOR DE NÚMERO DE CONTROL
campo de control ES-MaACL
005 - FECHA Y HORA DE LA ÚLTIMA TRANSACCIÓN
campo de control 20251012205135.0
008 - DATOS DE LONGITUD FIJA--INFORMACIÓN GENERAL
campo de control de longitud fija 940615s1882 sp a |||| | spa d
040 ## - FUENTE DE CATALOGACIÓN
Centro catalogador/agencia de origen CAM
Lengua de catalogación spa
080 ## - NÚMERO DE LA CLASIFICACIÓN DECIMAL UNIVERSAL
Número de la Clasificación Decimal Universal 821.111-31"18"
100 1# - ENTRADA PRINCIPAL--NOMBRE DE PERSONA
Nombre de persona Scott, Walter,
Títulos y otros términos asociados al nombre Sir,
Fechas asociadas al nombre 1771-1832
9 (RLIN) 104957
245 10 - MENCIÓN DEL TÍTULO
Título Rob Roy /
Mención de responsabilidad, etc. por Walter Scott ; traducción de Joaquín Riera y Bertrán ; con dibujos de E. Courboin... [et al.] ; fotograbados de C. Verdaguer.
260 ## - PUBLICACIÓN, DISTRIBUCIÓN, ETC.
Lugar de publicación, distribución, etc. Barcelona :
Nombre del editor, distribuidor, etc. C. Verdaguer,
Fecha de publicación, distribución, etc. 1882.
300 ## - DESCRIPCIÓN FÍSICA
Extensión 2 v. (316 ; 309) :
Otras características físicas il. ;
Dimensiones 21 cm.
490 1# - MENCIÓN DE SERIE
Mención de serie Biblioteca Verdaguer
505 8# - NOTA DE CONTENIDO CON FORMATO
Nota de contenido con formato El v. 2 contiene además : el cuento "Los boyeros" / del mismo autor, versión igualmente de Riera y Bertrán y dibujos de José L. Pellicer
700 1# - ENTRADA AGREGADA--NOMBRE PERSONAL
Nombre de persona Riera y Bertran, Joaquín,
Fechas asociadas al nombre 1848-1924
9 (RLIN) 131814
700 1# - ENTRADA AGREGADA--NOMBRE PERSONAL
Nombre de persona Courboin, Eugène,
Fechas asociadas al nombre 1851- ca. 1915
9 (RLIN) 126621
740 4# - ENTRADA AGREGADA--TÍTULO RELACIONADO/ANALÍTICO NO CONTROLADO
Título relacionado o analítico no controlado Los boyeros.
830 0# - PUNTO DE ACCESO ADICIONAL DE SERIE-TÍTULO UNIFORME
Título uniforme Biblioteca Verdaguer
9 (RLIN) 188206
852 ## - LOCALIZACIÓN
Ubicación ES-MaACL
Número de control de estantería B-726-727
Nota libre -- Enc. tela
852 ## - LOCALIZACIÓN
Ubicación ES-MaACL
Número de control de estantería E-13170-71
Nota libre -- Enc. ed. en tela grabado cromolit.
-- .- Legado M. de la Fuente
Holdings
Estatus retirado Estado de pérdida Estado de daño No para préstamo Colección Biblioteca de origen Biblioteca actual Ubicación en estantería Fecha de adquisición Total de préstamos Signatura topográfica completa Código de barras Visto por última vez Precio de reemplazo Tipo de ítem Koha Fuente de adquisición
        Libros del s. XIX Biblioteca del Ateneo de Madrid Biblioteca del Ateneo de Madrid Depósito 2 17/01/2008   E-13170-71 1173010 23/02/2023 23/02/2023 Libro impreso antiguo  
        Libros del s. XIX Biblioteca del Ateneo de Madrid Biblioteca del Ateneo de Madrid Sala Pardo Bazán 17/01/2008   B-726-727 1173009 23/02/2023 23/02/2023 Libro impreso antiguo